Haz clic en la provincia española por club de fútbol - Estadísticas

Estadísticas generales
  • Esta prueba ha sido intentada 5.740 veces
  • La puntuación promedio es 13 de 20
Respuestas en el mapa
Las respuestas están codificadas por una escala verde-roja en el mapa de la prueba según el % correcto abajo.
 
Estadísticas de respuestas
Respuesta % Correcto
R. C. D. Mallorca
89%
Rayo Vallecano
84%
Real Oviedo
80%
Racing de Santander
78%
Real Betis
75%
F. C. Cartagena
72%
Levante U. D.
72%
C. A. Osasuna
68%
Villarreal C. F.
66%
Real Sociedad
65%
Celta de Vigo
60%
Xerez C. D.
59%
Racing de Ferrol
58%
Hércules C. F.
56%
A. D. Mérida
51%
S. D. Ponferradina
48%
C. E. Europa
46%
C. D. Mirandés
43%
C. D. Numancia
42%
Arenas Club
39%
No se encontraron pruebas coincidentes
Distribución de puntuación
Porcentaje de gente con cada puntuación
Porcentaje por número respondido
Historial de tus puntuaciones
No has intentado esta prueba.